Normal view
MARC view
Entry Personal Name
001 - CONTROL NUMBER
- control field: 753348
003 - CONTROL NUMBER IDENTIFIER
- control field: OSt
005 - DATE AND TIME OF LATEST TRANSACTION
- control field: 20250429090612.0
008 - FIXED-LENGTH DATA ELEMENTS
- fixed length control field: 250429|| aca||aabn | a|a d
040 ## - CATALOGING SOURCE
- Original cataloging agency: OSt
- Transcribing agency: OSt
100 ## - HEADING--PERSONAL NAME
- Personal name: सोनटक्के, माधव
670 ## - SOURCE DATA FOUND
- Source citation: Work cat.: (OSt)1309694: सोनटक्के, माधव , प्रयोजनमूलक हिन्दी:, 2015.
